000 00890nam a2200265 i 4500
001 187584
003 ES-MaACL
005 20250712062552.0
008 171130s2003 sp |||| |dspa d
020 _a84-9759-256-5
080 _a821.134.2-992"19"
100 1 _aCela, Camilo José,
_d1916-2002
_937336
245 1 0 _aViaje a la Alcarria /
_cCamilo José Cela.
250 _a1ª ed. en este formato.
260 _aBarcelona :
_bDebolsillo,
_c2003.
300 _a211 p. ;
_c19 cm.
490 1 _aBiblioteca Camilo José Cela ;
_v11
490 1 _aContemporánea ;
_v171/11
651 4 _aLa Alcarria (España, Comarca)-
_xDescripción.
_9161530
830 0 _aBiblioteca Camilo José Cela ;
_v11
_9225577
830 0 _aContemporánea ;
_v171/11
_9191027
852 _aES-MaACL
_jA-14109
_9194670
_bR.151265
_cDEPO1
_dOlim: N-7109
942 _2udc
_cMONOGRAFIA
999 _c187584
_d187584